000 00601nam a2200241Ia 4500
003 OSt
005 20220924144506.0
006 a|||||r|||| 00| 0
007 ta
008 220923b |||||||| |||| 00| 0 urd d
024 _a315002
037 _cTextual
040 _aARTS
_cARTS
_burd
041 _2urd
_aurd
082 _aO168,1N254x, M1
100 _aOm Krishan Rahat
_9217724
245 0 _aShafq-e-Zaar
260 _c1981
650 _a URDU POETRY
650 _aURDU POETRY
942 _hO168,1N254x, M1
_cTEXL
_2CC
999 _c457236
_d457236